International Logistics /

Kaydedildi:
Detaylı Bibliyografya
Yazar: David, Pierre A. (autor)
Materyal Türü: Kitap
Dil:İngilizce
Baskı/Yayın Bilgisi: Cincinnati, EUA : Atomic Dog Publishing, 2004, c2004
Konular:
Etiketler: Etiketle
Etiket eklenmemiş, İlk siz ekleyin!

MARC

LEADER 00000nam^a2200000^a^4500
001 000166387
005 20250521000000.0
009 20260310101049.695
020 |a 1-59260-053-0 
037 |a Acervo ITESO - Biblioteca 
041 |a ING 
082 |a 658. 5  |b DAV 
100 |a David, Pierre A.  |e (autor) 
240 1 1 |a [Logística internacional, de Pierre A. David] 
240 1 1 |a [International Logistics] 
245 1 0 |a International Logistics /  |c P.A. David. 
264 4 |a Cincinnati, EUA :  |b Atomic Dog Publishing,  |c 2004, c2004 
300 |a XV, 303 p. 
336 |a texto  |b txt  |2 rdacontenido 
337 |a sin mediación  |b n  |2 rdamedio 
338 |a volumen  |b nc  |2 rdasoporte 
649 |a XX 
650 |a Traslado de Mercancías 
650 |a Distribución Física del Producto 
650 |a Distribución del Producto 
650 |a Administración del Producto 
650 |a Logística Empresarial -  |x Tema Principal 
650 |a Mezcla de Mercadotecnia 
650 |a Mercadotecnia 
650 |a Comercio Internacional -  |x Tema Principal 
650 |a Ciencias Administrativas 
910 |a Fondo General 
920 |a Impresos - Libros 
930 |a Colección General 
905 |a 101 
901 |a 0500101837  |b IT1  |c ACC  |u 20250521 
902 |a https://opac.biblio.iteso.mx/vufind/Record/000166387